[Event "TIPC 2015"]
[Site "Roux"]
[Date "2015.08.02"]
[Round "2.6"]
[White "Shirazi, Kamran"]
[Black "Callier, Christophe"]
[Result "1-0"]
[BlackElo "2010"]
[WhiteElo "2409"]
[LiveChessVersion "1.4.6"]

1. d4  d5  2. Nc3  Nf6
 3. Bg5  Nbd7  4. e4
 dxe4  5. f3  exf3
 6. Nxf3  e6  7. Bc4
 Be7  8. O-O  O-O
 9. Kh1  Nb6  10. Bd3
 Nbd5  11. Qe1  b6
 12. Nxd5  Nxd5  13. Bd2
 Bb7  14. c4  Nf6
 15. Bc3  c5  16. Rd1
 Qc7  17. dxc5  Qxc5
 18. Ne5  Rad8  19. Qg3
 Be4  20. b4  Qc7
 21. Be2  Qb7  22. h4
 Rxd1  23. Bxd1  b5
 24. c5  Bd5  25. Ng4
 Nxg4  26. Qxg4  f6
 27. Bc2  Rf7  28. Rd1
 f5  29. Qe2  Bxh4
 30. Bb3  Bxb3  31. axb3
 Qe7  32. Be5  f4
 33. c6  Bg3  34. Qf3
 Rf8  35. Kg1  Rc8
 36. Kf1  a6  37. Qg4
 g6  38. Rd7  Qe8
 39. Qg5  Qf8  40. c7
 f3  41. Rd8  1-0

[Event "TIPC 2015"]
[Site "Roux"]
[Date "2015.08.02"]
[Round "2.7"]
[White "Werner, Ivan"]
[Black "Soors, Stef"]
[Result "1/2-1/2"]
[BlackElo "2407"]
[WhiteElo "2030"]
[LiveChessVersion "1.4.6"]

1. e4  c6  2. Ne2  d5
 3. e5  Bg4  4. h3
 Bxe2  5. Bxe2  e6
 6. d4  c5  7. c3
 Nc6  8. Be3  Qb6
 9. Qb3  cxd4  10. Qxb6
 axb6  11. cxd4  Nge7
 12. Nc3  Nf5  13. O-O-O
 f6  14. exf6  gxf6
 15. Kb1  Bb4  16. Nb5
 Kd7  17. a3  Bf8
 18. Rhe1  Nxe3  19. fxe3
 f5  20. g4  Bh6 
21. gxf5  exf5  22. Bf3  Ne7
 23. Rc1  Rac8  24. Rxc8
 Rxc8  25. Nc3  Kd6
 26. Nb5+  Ke6  27. Rg1
 Kd7  28. Nc3  Ke6
 29. Nb5  Rf8  30. Nc7+
 Kd6  31. Nb5+  Ke6
 32. Nc7+  Kd6  33. Nb5+
 Kd7  34. Rc1  Rb8
 35. Rc7+  Kd8  36. Rc3
 Rc8  37. Rxc8+  Kxc8
 38. Nc3  Bxe3  39. Nxd5
 Nxd5  40. Bxd5  Kc7
 41. Be6  f4  42. Bf5
 h6  43. d5  f3 
44. Be4  f2  45. Bg2  Kd6
 46. Kc2  Ke5  47. Kd3
 Kf4  48. Ke2  Kg3
 49. Kf1  Bc1  50. d6
 Bxb2  51. d7  Bf6
 52. Bxb7  Bh4  53. Bd5
 Kxh3  54. d8=Q  Bxd8
 55. Kxf2  Kg4  56. a4
 Kf4  1/2-1/2

[Event "TIPC 2015"]
[Site "Roux"]
[Date "2015.08.02"]
[Round "2.8"]
[White "Capone, Nicola"]
[Black "Decrop, Benjamin"]
[Result "1-0"]
[BlackElo "2004"]
[WhiteElo "2379"]
[LiveChessVersion "1.4.6"]

1. d4  d5  2. c4  e6
 3. Nc3  c6  4. e3
 f5  5. Nf3  Nf6 
6. Be2  Bd6  7. O-O  O-O
 8. Ne5  Nbd7  9. f4
 Qe7  10. c5  Bxe5
 11. fxe5  Ne4  12. Nxe4
 dxe4  13. b4  Rd8
 14. Qb3  Kh8  15. a4
 Nf8  16. b5  Bd7
 17. Ba3  Qe8  18. Rab1
 Rdb8  19. Qc3  Ng6
 20. Rb3  Ne7  21. Rfb1
 Nd5  22. Qd2  g5
 23. Bc4  Qg6  24. a5
 f4  25. Bxd5  exd5
 26. bxc6  fxe3  27. Qxe3
 Bxc6  28. a6  Rg8
 29. Rxb7  Bxb7  30. axb7
 Rab8  31. e6  Qxe6
 32. Qg3  Qe8  33. c6
 Qxc6  34. Qe5+  1-0

[Event "TIPC 2015"]
[Site "Roux"]
[Date "2015.08.02"]
[Round "2.9"]
[White "Cornil, Etienne"]
[Black "Hautot, Stéphane"]
[Result "0-1"]
[BlackElo "2360"]
[WhiteElo "1999"]
[LiveChessVersion "1.4.6"]

1. d3  d5  2. Nf3  Nc6
 3. g3  e5  4. Bg2
 Be6  5. c3  Qd7 
6. b4  f6  7. Nbd2  g5
 8. Nb3  b6  9. h4
 g4  10. Nfd2  f5
 11. Bb2  Bg7  12. Qc2
 Nh6  13. O-O-O  O-O
 14. a3  a5  15. bxa5
 Nxa5  16. Nxa5  Rxa5
 17. Nb3  Ra4  18. d4
 e4  19. e3  Rfa8
 20. Kd2  Nf7  21. Ra1
 Nd6  22. Bf1  Qe8
 23. Ke1  Bd7  24. Nd2
 Bb5  25. Nb1  Bc4
 26. Be2  Bf8  27. Bd1
 R4a5  28. Qc1  Bd3
 29. Nd2  Nc4  30. Nxc4
 Bxc4  31. a4  b5
 32. axb5  Rxa1  33. Bxa1
 Qxb5  34. Qb2  Qa6 0-1

[Event "TIPC 2015"]
[Site "Roux"]
[Date "2015.08.02"]
[Round "2.10"]
[White "Reinhart, Emmanuel"]
[Black "Bikadi, Claude"]
[Result "1-0"]
[BlackElo "1994"]
[WhiteElo "2343"]
[LiveChessVersion "1.4.6"]

1. e4  e6  2. d4  d5
 3. e5  c5  4. c3
 Nc6  5. Nf3  Qb6
 6. a3  cxd4  7. cxd4
 Nh6  8. Nc3  Nf5
 9. Na4  Qd8  10. h4
 Be7  11. h5  Bd7
 12. g4  Nh4  13. Nxh4
 Bxh4  14. Nc5  Be7
 15. Nxd7  Qxd7  16. b4
 f6  17. f4  fxe5
 18. dxe5  Qd8  19. g5
 Qb6  20. Qd3  Qd4
 21. Rb1  O-O  22. Be3
 Qxd3  23. Bxd3  d4
 24. Bd2  Bd8  25. Bc4
 Re8  26. Rc1  Bb6
 27. b5  Nd8  28. g6
 h6  29. Ke2  Bc5
 30. a4  Rf8  31. Rcf1
 Rf5  32. Kf3  Kf8
 33. Bd3  Ke7  34. Kg4
 Rf8  35. Be4  Rc8
 36. Rc1  b6  37. Rhd1
 Rc7  38. Be1  Nb7
 39. Rxd4  Rfc8  40. Rd3
 Na5  41. Bh4+  Ke8
 42. f5  exf5+  43. Bxf5
 Rb8  44. Rcd1  Be7
 45. Bd7+  1-0

[Event "TIPC 2015"]
[Site "Roux"]
[Date "2015.08.02"]
[Round "2.11"]
[White "Sclacmender, Julien"]
[Black "Gilles, Jean-Claude"]
[Result "1-0"]
[BlackElo "1959"]
[WhiteElo "2209"]
[LiveChessVersion "1.4.6"]

1. e4 e5 2. Bc4 Nf6 3. d3 Nc6 4. Nf3 Bc5 5. O-O a6 6. c3 Ba7 7. Re1 d6 8. h3 O-O
9. Bg5 Na5 10. Nbd2 Nxc4 11. Nxc4 h6 12. Bh4 Be6 13. Ne3 Qc8 14. Bxf6 gxf6 15.
Nh4 Bxe3 16. Rxe3 f5 17. exf5 1-0

[Event "TIPC 2015"]
[Site "Roux"]
[Date "2015.08.02"]
[Round "2.12"]
[White "Kabeya, Mutombo"]
[Black "Stromboli, Ettore"]
[Result "0-1"]
[BlackElo "2324"]
[WhiteElo "1990"]
[LiveChessVersion "1.4.6"]

1. e4 e6 2. d4 d5 3. Nd2 c5 4. exd5 exd5 5. Ngf3 Nc6 6. Be2 cxd4 7. Nb3 Bd6 8.
Nbxd4 Nge7 9. O-O O-O 10. Re1 Re8 11. c3 Bg4 12. h3 Bh5 13. Bg5 h6 14. Be3 Qd7
15. Qd2 Rad8 16. Bd3 Bg6 17. Rad1 Bxd3 18. Qxd3 Bb8 19. Re2 Ng6 20. Rde1 Re4 21.
Bc1 f5 22. g3 Nce5 23. Qc2 Qf7 24. Kg2 Rf8 25. Nxe5 Bxe5 26. f3 Rxe2+ 27. Qxe2 f4
28. g4 Bxd4 29. cxd4 Rc8 30. Qd3 Nh4+ 31. Kh2 Qc7 32. Bd2 Qc2 33. Re8+ Kf7 0-1

[Event "TIPC 2015"]
[Site "Roux"]
[Date "2015.08.02"]
[Round "2.13"]
[White "Tomov, Georgi"]
[Black "Piron, Didier"]
[Result "1-0"]
[BlackElo "1981"]
[WhiteElo "2279"]
[LiveChessVersion "1.4.6"]

1. d4 Nf6 2. c4 e6 3. Nc3 Bb4 4. Qc2 O-O 5. Nf3 c5 6. dxc5 Na6 7. g3 Nxc5 8. Bg2
d6 9. O-O Bd7 10. Bf4 e5 11. Bg5 Bxc3 12. Bxf6 Qxf6 13. Qxc3 Rac8 14. Rac1 Rfd8
15. Rfd1 Bc6 16. Qe3 h6 17. Nd2 a5 18. Ne4 Nxe4 19. Bxe4 Qg5 20. Qf3 Bxe4 21.
Qxe4 d5 22. Qd3 d4 23. Qe4 b6 24. b3 h5 25. Rc2 Re8 26. h4 Qg4 27. Qxg4 hxg4 28.
e3 dxe3 29. fxe3 Rcd8 30. Rcd2 Rxd2 31. Rxd2 Kf8 32. Rd6 Ke7 33. Rxb6 Rd8 34. a4
Rd1+ 35. Kf2 Rb1 36. c5 Rb2+ 37. Kf1 Rb1+ 38. Kf2 Rb2+ 39. Kf1 Rb1+ 40. Ke2 Rb2+
41. Kd3 f5 42. Kc4 Re2 43. Kd5 Rxe3 44. c6 Rxg3 45. Rb7+ Kd8 46. b4 axb4 47. a5
e4 48. a6 Ra3 49. a7 g3 50. Rb8+ Kc7 51. a8=Q Rxa8 52. Rxa8 b3 53. Ra7+ 1-0

[Event "TIPC 2015"]
[Site "Roux"]
[Date "2015.08.02"]
[Round "2.14"]
[White "Dessomme, François"]
[Black "Van Mechelen, Jan"]
[Result "0-1"]
[BlackElo "2243"]
[WhiteElo "1983"]
[LiveChessVersion "1.4.6"]

1. d4 Nf6 2. Nf3 d6 3. e3 Nbd7 4. Bd3 e5 5. Nbd2 g6 6. O-O Bg7 7. b3 O-O 8. Bb2
Re8 9. e4 exd4 10. Bxd4 b6 11. Bc4 Bb7 12. Ng5 Re7 13. f4 c5 14. Bxf6 Nxf6 15.
Bd3 h6 16. Ngf3 Nxe4 17. Bxe4 Bxe4 18. Rb1 d5 19. Re1 Qc7 20. g3 Rae8 21. b4 Bf5
22. Rxe7 Qxe7 23. Qe1 Bd4+ 24. Kg2 Qxe1 25. Rxe1 Rxe1 26. Nxe1 Bc3 27. Ndf3 Bxb4
28. Kf2 Bc3 29. Ke2 c4 30. Kd1 Bg4 31. Kc1 f6 32. Nd2 Kf7 33. Ng2 b5 34. Ne3 Be6
35. Nf3 Ke7 36. f5 gxf5 37. Nxf5+ Bxf5 0-1

[Event "TIPC 2015"]
[Site "Roux"]
[Date "2015.08.02"]
[Round "2.15"]
[White "Wiley, Tom"]
[Black "Timmermans, Daniel"]
[Result "1-0"]
[BlackElo "1964"]
[WhiteElo "2234"]
[LiveChessVersion "1.4.6"]

1. d4 e6 2. c4 Nf6 3. Nc3 Bb4 4. e3 O-O 5. Nge2 d5 6. a3 Bd6 7. cxd5 exd5 8. Ng3
c6 9. Be2 Re8 10. O-O Nbd7 11. b4 Nf8 12. b5 Ne4 13. bxc6 bxc6 14. Ncxe4 dxe4 15.
f4 f5 16. Qc2 Bd7 17. Bd2 Ng6 18. Bb4 Qe7 19. Rfc1 Reb8 20. Qa2+ Kf8 21. Bc5 a5
22. a4 Rb7 23. Rab1 Rab8 24. Rxb7 Rxb7 25. Qa3 Bxc5 26. Qxc5 Rb3 27. Nxf5 Qxc5
28. Rxc5 Bxf5 29. Rxf5+ Ke7 30. Kf2 Kd6 31. Rxa5 Ne7 32. Ra8 Rb2 33. a5 Nd5 34.
a6 Nc3 35. a7 Rxe2+ 36. Kf1 1-0

[Event "TIPC 2015"]
[Site "Roux"]
[Date "2015.08.02"]
[Round "2.16"]
[White "Gorts, Sven"]
[Black "Hoffmeister, Frank"]
[Result "0-1"]
[BlackElo "2215"]
[WhiteElo "1980"]
[LiveChessVersion "1.4.6"]

1. e4 e6 2. d3 d5 3. Nd2 c5 4. c3 Nc6 5. Be2 Nf6 6. Ngf3 e5 7. Qc2 Be7 8. h3 O-O
9. g4 Ne8 10. Nf1 Be6 11. Ng3 Nd6 12. Nf5 f6 13. Bd2 c4 14. O-O cxd3 15. Bxd3
dxe4 16. Nxe7+ Nxe7 17. Bxe4 Nxe4 18. Qxe4 Bd5 19. Qe2 Bxf3 20. Qxf3 Qxd2 21.
Qxb7 Ng6 22. Rad1 Qh6 23. Rd7 Nf4 24. Rfd1 Nxh3+ 25. Kf1 Nf4 26. Qb3+ Kh8 27. Qb7
Qh3+ 28. Ke1 Qxg4 29. Kd2 Rad8 0-1

[Event "TIPC 2015"]
[Site "Roux"]
[Date "2015.08.02"]
[Round "2.17"]
[White "Delmont, Jean-Robert"]
[Black "Lux, Hugo De Melo"]
[Result "1-0"]
[BlackElo "2135"]
[WhiteElo "1957"]
[LiveChessVersion "1.4.6"]

1. d4 Nf6 2. c4 e6 3. Nc3 Bb4 4. e3 b6 5. Nge2 Ne4 6. Qc2 Bb7 7. a3 Bxc3+ 8. Nxc3
f5 9. d5 Nxc3 10. Qxc3 O-O 11. Be2 exd5 12. Bf3 d4 13. Qxd4 Bxf3 14. gxf3 Nc6 15.
Qd5+ Kh8 16. Bd2 Ne7 17. Qd4 c5 18. Qd3 b5 19. Bc3 d5 20. cxd5 Qxd5 21. Qxd5 Nxd5
22. Be5 Rfe8 23. f4 Kg8 24. Rg1 g6 25. h4 Kf7 26. Ke2 h5 27. Rad1 Rad8 28. Rd2
Rd7 29. Rgd1 Red8 30. Bc7 Rxc7 31. Rxd5 Rxd5 32. Rxd5 Ke6 33. Rd8 Rc6 34. Rb8 a6
35. Rd8 c4 36. Re8+ Kd6 37. Kd2 Kc5 38. Re5+ Kb6 39. Kc3 Rd6 40. Kc2 Ka5 41. Re8
Rc6 42. Kc3 Ka4 43. Rd8 a5 44. Rd5 b4+ 45. axb4 axb4+ 46. Kc2 c3 47. b3+ 1-0

[Event "TIPC 2015"]
[Site "Roux"]
[Date "2015.08.02"]
[Round "2.19"]
[White "Jognery, Lionel"]
[Black "Henris, Luc"]
[Result "0-1"]
[BlackElo "2162"]
[WhiteElo "1962"]
[LiveChessVersion "1.4.6"]

1. e4 e5 2. Nf3 d6 3. d4 exd4 4. Nxd4 Nf6 5. Nc3 Be7 6. Bc4 O-O 7. O-O c6 8. a4
Re8 9. Re1 Bf8 10. Bg5 Nbd7 11. Bb3 h6 12. Bxf6 Qxf6 13. Qd2 g6 14. a5 Nc5 15.
Bc4 Bd7 16. f3 Rad8 17. Rad1 b5 18. axb6 axb6 19. Qf2 b5 20. Bf1 Ra8 21. Ra1 Bg7
22. e5 Rxa1 23. exf6 Rexe1 24. fxg7 Rxf1+ 25. Qxf1 Rxf1+ 26. Kxf1 Kxg7 27. Kf2
Kf6 28. Ke3 d5 29. g3 Ne6 30. Nxe6 Kxe6 31. b4 Kd6 32. Ne2 c5 33. c3 d4+ 34. Kd2
dxc3+ 35. Kxc3 Bc6 36. f4 Be4 37. Kb3 Bd3 38. Nc3 Kc6 39. Nd1 Bc4+ 40. Kc3 cxb4+
41. Kxb4 Kd5 42. Nc3+ Kd4 43. Nxb5+ Bxb5 44. Kxb5 Ke4 45. Kc5 f5 46. Kd6 g5 47.
fxg5 hxg5 48. h4 f4 49. h5 fxg3 50. h6 g2 51. h7 g1=Q 52. h8=Q Qd4+ 0-1

[Event "TIPC 2015"]
[Site "Roux"]
[Date "2015.08.02"]
[Round "2.20"]
[White "De Villers, Mourad"]
[Black "Roels, Frederik"]
[Result "1-0"]
[BlackElo "1955"]
[WhiteElo "2123"]
[LiveChessVersion "1.4.6"]

1. c4 Nf6 2. Nf3 c6 3. g3 d5 4. Bg2 dxc4 5. O-O Nbd7 6. Qc2 Nb6 7. a4 a5 8. Na3
Be6 9. Ne5 Qd4 10. Nxc6 bxc6 11. Bxc6+ Nfd7 12. Bxa8 Nxa8 13. d3 g6 14. Bd2 Qd5
15. Nxc4 Bg7 16. Bxa5 O-O 17. Bc3 Bh3 18. Ne3 Qh5 19. Bxg7 Kxg7 20. Rfc1 Nf6 21.
f3 Nb6 22. Qc5 Nbd5 23. Nxd5 Nxd5 24. Qd4+ Kg8 25. Rc5 e6 26. Rac1 Qh6 27. f4 Ne7
28. Qf2 Qg7 29. e4 h5 30. Rc7 Re8 31. a5 1-0

[Event "TIPC 2015"]
[Site "Roux"]
[Date "2015.08.02"]
[Round "2.21"]
[White "D'Aquino, Ugo"]
[Black "Van Uytven, Eric"]
[Result "0-1"]
[BlackElo "2112"]
[WhiteElo "1950"]
[LiveChessVersion "1.4.6"]

1. e4 c6 2. d4 d5 3. f3 e6 4. Nc3 Bb4 5. Qd3 b6 6. Nge2 Ba6 7. Qe3 Ne7 8. Bd2 Nd7
9. a3 Bd6 10. Nf4 Bxf1 11. Rxf1 Ng6 12. g3 Bxf4 13. gxf4 Qh4+ 14. Rf2 O-O 15. Ne2
Nf6 16. Ng3 dxe4 17. f5 exf5 18. Nxf5 Qh3 19. fxe4 Qxe3+ 20. Bxe3 Nxe4 21. Rg2
Rad8 22. O-O-O Nd6 23. Ng3 Rfe8 24. Bd2 Ne4 25. Nxe4 Rxe4 26. c3 Rde8 27. Rg3 Nf4
28. Bxf4 Rxf4 29. Rg5 f6 30. Rg2 Kf7 31. d5 cxd5 32. Rxd5 Re7 33. Rh5 h6 34. Rd5
g5 35. Rd8 Rfe4 36. Kb1 Re2 37. Rxe2 Rxe2 38. Rd7+ Re7 39. Rd2 g4 40. Kc2 Kg6 41.
Rg2 Kg5 42. c4 f5 43. b4 f4 44. Rd2 g3 0-1

[Event "TIPC 2015"]
[Site "Roux"]
[Date "2015.08.03"]
[Round "3.1"]
[White "Hovhannisyan, Mher"]
[Black "Wiley, Tom"]
[Result "1-0"]
[BlackElo "2234"]
[WhiteElo "2515"]
[LiveChessVersion "1.4.6"]

1. e4  e6  2. d4  d5
 3. Nd2  Be7  4. e5
 c5  5. c3  Nc6 
6. Bd3  f5  7. Ne2  Nh6
 8. Nf3  Nf7  9. h4
 c4  10. Bc2  b5 
11. Nf4  b4  12. Ba4  Qb6
 13. Ng5  Bxg5  14. hxg5
 bxc3  15. bxc3  Bd7
 16. Bxc6  Qxc6  17. Nh5
 Rg8  18. Rb1  Qc7
 19. f4  Rb8  20. Ba3
 Rxb1  21. Qxb1  Qb6
 22. O-O  Nd8  23. Qc2
 Qa6  24. Qb2  Qb6
 25. Rb1  Qxb2  26. Rxb2
 Kf7  27. Bc5  Kg6
 28. Ng3  a6  29. Rb8
 Re8  30. Nf1  h6
 31. gxh6  Kxh6  32. Ne3
 g5  33. fxg5+  Kxg5
 34. Kf2  f4  35. Nf1
 Kf5  36. Ra8  Bb5
 37. Ra7  Ke4  38. Ke2
 Rg8  39. Nd2+  Kf5
 40. Kf2  Rg3  41. Nf3
 Ke4  42. a4  Bxa4
 43. Rxa6  Bd1  44. Nd2+
 Kf5  45. Ra8  Nf7
 46. Rf8  Bh5  47. Bb4
 Rg7  48. Be7  Rg3
 49. Bb4  Rg7  50. Nf3
 Ke4  51. Re8  Bxf3
 52. gxf3+  Kf5  53. Be7
 Rh7  54. Rg8  Rh2+
 55. Ke1  Rh1+  56. Ke2
 Rh2+  57. Ke1  Rh1+
 58. Kd2  Rh2+  59. Kc1
 Rh3  60. Rg7  Rxf3
 61. Rxf7+  Ke4  62. Kb2
 Kd3  63. Bh4  Rf1
 64. Rf6  f3  65. Rxe6
 Rh1  66. Rf6  Rh2+
 67. Ka3  Ke2  68. Rf4
 Ke3  69. Bg5  f2
 70. e6  Rh8  71. Rf8+
 Kd3  72. Rxf2  1-0

[Event "TIPC 2015"]
[Site "Roux"]
[Date "2015.08.03"]
[Round "3.2"]
[White "Van Mechelen, Jan"]
[Black "Kveinys, Aloyzas"]
[Result "0-1"]
[BlackElo "2491"]
[WhiteElo "2243"]
[LiveChessVersion "1.4.6"]

1. Nf3 c5 2. c4 g6 3. Nc3 Bg7 4. e3 Nf6 5. d4 cxd4 6. exd4 d5 7. cxd5 Nxd5 8. Bc4
Nxc3 9. bxc3 O-O 10. O-O Nc6 11. Bg5 Qc7 12. Rc1 Bg4 13. Bd3 Qa5 14. Bh4 e5 15.
dxe5 Bxf3 16. Qxf3 Nxe5 17. Qe2 Nxd3 18. Qxd3 Rac8 19. Be7 Rfe8 20. Rfe1 Bxc3 21.
Qd7 Qc7 22. Qxc7 Rxc7 23. Bd6 Rxe1+ 24. Rxe1 Bxe1 25. Bxc7 f5 26. Kf1 Bb4 27. Ke2
Kf7 28. Kd3 Bc5 29. f3 Ke6 30. h3 b5 31. Bf4 a5 32. Kd4 Ke5+ 0-1

[Event "TIPC 2015"]
[Site "Roux"]
[Date "2015.08.03"]
[Round "3.3"]
[White "Hoffmeister, Frank"]
[Black "Naumkin, Igor"]
[Result "0-1"]
[BlackElo "2437"]
[WhiteElo "2215"]
[LiveChessVersion "1.4.6"]

1. d4 Nf6 2. c4 e6 3. Nf3 b6 4. g3 Bb7 5. Bg2 Be7 6. O-O O-O 7. Nc3 Ne4 8. Bd2
Bf6 9. Qc2 Nxd2 10. Qxd2 d6 11. e4 g6 12. Qe3 Nd7 13. Rfd1 Bg7 14. a4 a5 15. Nb5
e5 16. dxe5 Nxe5 17. Nxe5 Bxe5 18. Rd2 Qe7 19. Rad1 Rae8 20. f3 Bg7 21. Nxd6 cxd6
22. Qxb6 Bc8 23. Qxa5 f5 24. Re2 Qf7 25. b3 fxe4 26. Rxe4 Rxe4 27. fxe4 Bg4 28.
Rf1 Bd4+ 29. Kh1 Qxf1+ 30. Bxf1 Rxf1+ 31. Kg2 Rg1# 0-1

[Event "TIPC 2015"]
[Site "Roux"]
[Date "2015.08.03"]
[Round "3.4"]
[White "Godart, François"]
[Black "Sclacmender, Julien"]
[Result "1-0"]
[BlackElo "2209"]
[WhiteElo "2422"]
[LiveChessVersion "1.4.6"]

1. d4  Nf6  2. c4  c5
 3. d5  b5  4. cxb5
 a6  5. bxa6  g6 
6. Nc3  Bxa6  7. e4  Bxf1
 8. Kxf1  d6  9. Nf3
 Nbd7  10. g3  Bg7
 11. Kg2  O-O  12. a4
 Ra6  13. Ra3  Qa8
 14. b3  Rb8  15. Qe2
 Rb4  16. Nd2  e6
 17. Nb5  Ne8  18. dxe6
 fxe6  19. f3  Nb6
 20. Qd3  c4  21. Nxc4
 Nxc4  22. bxc4  Qc6
 23. Bf4  Rxc4  24. Rd1
 Bf8  25. Qb3  d5
 26. exd5  exd5  27. Ra2
 Rb4  28. Qxd5+  Qxd5 29. Rxd5
 Raxa4  30. Rxa4  Rxa4 31. Rd8
 Kf7  32. Rd7+  Kg8
 33. Nc3  Ra6  34. Ne4
 h6  35. Be5  Re6
 36. f4  Re7  37. Rd8
 Re6  38. Kf3  Bg7
 39. Nd6  Bxe5  40. fxe5
 1-0

[Event "TIPC 2015"]
[Site "Roux"]
[Date "2015.08.03"]
[Round "3.5"]
[White "Mastalerz, Xavier"]
[Black "Shirazi, Kamran"]
[Result "1/2-1/2"]
[BlackElo "2409"]
[WhiteElo "2190"]
[LiveChessVersion "1.4.6"]

1. Nf3  d5  2. d4  Nf6
 3. c4  dxc4  4. e3
 Bg4  5. Bxc4  e6
 6. O-O  a6  7. Nc3
 Nc6  8. h3  Bh5 
9. Be2  Bd6  10. b3  O-O
 11. Bb2  Qe7  12. Na4
 Rad8  13. Rc1  Bg6
 14. Nc5  Bxc5  15. Rxc5
 Ne4  16. Rc1  e5
 17. Rxc6  bxc6  18. Nxe5
 Qf6  19. Qc1  c5
 20. dxc5  Qh4  21. Bd4
 Bh5  22. Bxh5  Qxh5
 23. Nc6  Rde8  24. Qb2
 Re6  25. Ne5  Rfe8
 26. Nd3  g5  27. b4
 Rh6  28. Ne5  Rhe6
 29. Nd3  Qh4  30. Ne5
 f6  31. Ng4  f5 
32. Nf6+  Nxf6  33. Bxf6  Qh6
 34. Bd4  g4  35. hxg4
 fxg4  36. Qb3  Qh5
 37. Rd1  Qf5  38. Bb2
 Rf8  39. Rd2  g3 40. fxg3
 Qe4  41. Rd7  Rf5
 42. Rd3  Rg5  43. Qc3
 Rxg3  44. Qh8+  Kf7
 45. Rd7+  Re7  46. Qf6+
 Ke8  47. Rxe7+  Qxe7
 48. Qc6+  Kf7  49. Bd4
 Rg6  50. Qf3+  Ke8
 51. Qa8+  Qd8  52. Qe4+
 Kf8  53. Qf5+  Ke7
 54. Qe5+  Re6  55. Qg7+
 Ke8  56. Qxh7  c6
 57. Qa7  Qd5  58. Qxa6
 Kf7  59. Qf1+  Kg8
 60. a4  Qb3  61. b5
 Qxa4  62. b6  Re7
 63. Qf3  Qb5  64. Qg4+
 Kf7  65. Qf5+  Ke8
 66. Qc8+  Kf7  67. Qf5+
 Ke8  68. Qg6+  Rf7
 69. Qe6+  Kf8  70. Qc8+
 Ke7  71. Qc7+  Ke8
 72. Qc8+  Ke7  73. Qc7+
 Ke8  74. Qe5+  Kd7
 75. Qd6+  Ke8  76. Qb8+
 Kd7  77. Qc7+  Ke8
 78. Qe5+  Kd7  79. Qd6+
 Ke8  80. Qb8+  Kd7
 81. Qd6+  Ke8  82. Qb8+
 Ke7  83. Qd6+  Ke8
 84. Qb8+  Kd7 85. Qd6+ Ke8 86. Bf6 1/2-1/2

[Event "TIPC 2015"]
[Site "Roux"]
[Date "2015.08.03"]
[Round "3.6"]
[White "Henris, Luc"]
[Black "Capone, Nicola"]
[Result "0-1"]
[BlackElo "2379"]
[WhiteElo "2162"]
[LiveChessVersion "1.4.6"]

1. e4  e6  2. b3  c5
 3. Bb2  d6  4. Nf3
 Nf6  5. e5  dxe5
 6. Nxe5  Be7  7. Bb5+
 Nbd7  8. Nxd7 Bxd7  9. Bxd7+
 Qxd7  10. Nc3  O-O
 11. Qe2  Rfb8  12. g4
 b5  13. g5  Nd5 
14. Ne4  c4  15. Rg1  Nb4
 16. Kd1  Nd5  17. h4
 Rc8  18. Be5  cxb3 19. axb3 Nb4
 20. Rc1  Qd5  21. Nc3
 Rxc3 22. Bxc3  Na2  23. Bb2
 Nxc1  24. Kxc1  Bf8
 25. h5  Rc8  26. Kb1
 Qf5  27. d3  a5 
28. h6  a4  29. hxg7  Bxg7
 30. Bxg7  Kxg7  31. Kb2
 axb3  32. cxb3  Qc5
 33. Kb1  Qc3  34. Qb2
 Kg6  35. Rd1  Kxg5
 36. f4+  Kf6  37. Qxc3+
 Rxc3  38. Kb2  b4
 39. Rh1  Rxd3  40. Rxh7
 Rf3  41. Rh4  Rf2+
 42. Kc1  Kf5  43. Rh5+
 Kg4  44. Rg5+  Kh4
 0-1

[Event "TIPC 2015"]
[Site "Roux"]
[Date "2015.08.03"]
[Round "3.7"]
[White "Hautot, Stéphane"]
[Black "De Villers, Mourad"]
[Result "1-0"]
[BlackElo "2123"]
[WhiteElo "2360"]
[LiveChessVersion "1.4.6"]

1. e4  c5  2. Nf3  d6
 3. d4  cxd4  4. Nxd4
 Nf6  5. Nc3  g6 
6. Bc4  Bg7  7. O-O  O-O
 8. Re1  Nc6  9. Nb3
 Na5  10. Bf1  Be6
 11. Nd5  Nxb3  12. axb3
 Nxd5  13. exd5  Bf5
 14. c3  a6  15. b4
 e5  16. dxe6  Bxe6
 17. Be3  Qc7  18. Bd4
 Be5  19. Ra5  Bxd4
 20. Qxd4  d5  21. h4
 h5  22. Bd3  Rfe8
 23. Re3  Bd7  24. Rxd5
 Rxe3  25. fxe3 Bg4 26. Rd6 Qe7 27. Bc4 Kh7 28.
Rf6 Rf8 29. e4 b5 30. Bd5 Be2 31. e5 Bc4 32. Bxc4 bxc4 33. Rxa6 Rd8 34. Rd6 Ra8
35. Rd7 Ra1+ 36. Kh2 Qe6 37. Qd5 1-0

[Event "TIPC 2015"]
[Site "Roux"]
[Date "2015.08.03"]
[Round "3.8"]
[White "Van Uytven, Eric"]
[Black "Reinhart, Emmanuel"]
[Result "0-1"]
[BlackElo "2343"]
[WhiteElo "2112"]
[LiveChessVersion "1.4.6"]

1. e4 c5 2. Nf3 e6 3. d3 Nc6 4. g3 d5 5. Nbd2 Nf6 6. Bg2 Be7 7. O-O O-O 8. Re1
Qc7 9. e5 Nd7 10. Qe2 b5 11. Nf1 a5 12. h4 b4 13. Bf4 Ba6 14. Ne3 Nb6 15. Ng5 c4
16. Qh5 Bxg5 17. hxg5 cxd3 18. Ng4 Kh8 19. Be4 dxe4 20. Kg2 g6 21. Qh6 f5 22.
exf6 e5 23. Nxe5 Nxe5 24. Bxe5 Qf7 25. Qg7+ Qxg7 26. fxg7+ Kg8 27. gxf8=Q+ Rxf8
28. cxd3 exd3 29. Rad1 Rc8 30. Bd4 Nd5 31. Kg1 Rc2 32. a3 d2 33. Rf1 Be2 34. Kg2
Kf7 35. axb4 axb4 36. Rh1 Ke6 37. Ra1 Kf5 38. Bh8 d1=Q 39. Rhxd1 Bxd1 40. Ra5 Ke4
0-1

[Event "TIPC 2015"]
[Site "Roux"]
[Date "2015.08.03"]
[Round "3.9"]
[White "Stromboli, Ettore"]
[Black "Van Houtte, Thierry"]
[Result "1/2-1/2"]
[BlackElo "2109"]
[WhiteElo "2324"]
[LiveChessVersion "1.4.6"]

1. e4  e6  2. d4  d5
 3. e5  c5  4. c3
 Nc6  5. Be3  Qb6
 6. Qd2  Bd7  7. Nf3
 Rc8  8. dxc5  Bxc5
 9. Bxc5  Qxc5  10. Na3
 a6  11. Bd3  Nge7
 12. O-O  Ng6  13. Rfe1
 O-O  14. Nc2  f6
 15. exf6  Rxf6  16. Bxg6
 hxg6  17. Ncd4  Rcf8
 18. Re2  Qd6  19. Rae1
 Nxd4  20. Nxd4  e5
 21. Rxe5  Rxf2  22. Qxf2
 Rxf2  23. Kxf2  Bf5
 24. Nxf5 gxf5  25. R1e2  d4
 26. Rxf5  dxc3 27. bxc3  Qxh2
 28. Re8+  Kh7  29. Re4
 Qd6  30. Rf3  Qc5+
 31. Rd4  b5  32. Kg3
 Qe5+  33. Kf2  Qc5
 34. Kf1  a5  35. Rd2
 Qc4+  36. Re2  b4
 37. cxb4  axb4  38. Kf2
 Qd4+  39. Kf1  Qa1+
 40. Kf2  Qd4+  41. Kg3
 Qd6+  42. Kh3  Qh6+
 43. Kg4  Qg6+  44. Kf4
 Qf6+  45. Ke4  Qe6+
 46. Kd3  Qd5+  47. Ke3
 Qc5+  48. Kd2  Qd4+
 49. Rd3  Qb2+  50. Ke3
 Qe5+  51. Kf2  Qf5+
 52. Rf3  Qc5+  53. Rfe3
 Qd4  54. Kg1  Kg8
 55. g3  Qc5  56. Kg2
 Qd5+  57. Re4  b3
 58. axb3  Qxb3  59. Kh2
 Qd5  60. Re5  Qd6
 61. Re8+  Kf7  62. R8e4
 Qd5  63. Re7+  Kf6
 64. R7e4  Qh5+  65. Kg1
 Qc5+  66. Rf2+  Kg6
 67. Rg4+  Kh7  68. Kg2
 Qd5+  69. Kh2  Kg8
 70. Rc2  Qf5  71. Rgc4
 Qh5+  72. Rh4  Qf5
 73. Re2  Qb5  74. Ra2
 Qd5  75. Rf2  Qc5
 76. Rd2  Qa5  77. Rhd4
 Qe5  78. Rd7  Qh5+
 79. Kg2  Qe5  80. Rd8+
 Kh7  81. Rf8  Qe4+
 82. Kh2  Qb4  83. Rdf2
 Qd4  84. R2f4  Qe5
 85. Rh4+  Kg6  86. Rg4+
 Kh7  87. Rf7  Kg8
 1/2-1/2

[Event "TIPC 2015"]
[Site "Roux"]
[Date "2015.08.03"]
[Round "3.10"]
[White "Thirion, Marcel"]
[Black "Tomov, Georgi"]
[Result "1-0"]
[BlackElo "2279"]
[WhiteElo "2097"]
[LiveChessVersion "1.4.6"]

1. d4  f5  2. Nf3  Nf6
 3. c4  e6  4. Nc3
 Bb4  5. Bd2  O-O
 6. a3  Bxc3  7. Bxc3
 Ne4  8. Qc2  d6 
9. e3  Nd7  10. Be2  a5
 11. b4  b6  12. O-O
 Bb7  13. Rfd1  Nxc3
 14. Qxc3  Qe7  15. c5
 axb4  16. cxd6  Qxd6
 17. Qxb4  Qxb4  18. axb4
 h6  19. Bc4  Kf7
 20. Ne1  Ke7  21. Nd3
 g5  22. f3  Kd6 
23. Bb5  Bc6  24. Ba6  Ra7
 25. b5  Bd5  26. Nb4
 Rfa8  27. Rac1  Nb8
 28. Bc8  Bb3  29. Re1
 Ra4  30. Nc6  Rc4
 31. Bb7  Ra2  32. Nxb8
 Rxc1  33. Rxc1  c5
 34. dxc5+  Kc7  35. Bc6
 Kxb8  36. cxb6  Bd5
 37. e4  1-0